El Lector Chileno: Libro Cuarto

Guardado en:
Detalles Bibliográficos
Autor principal: Guzman, Manuel Profesor de Estado
Formato: Libro
Lenguaje:español
Publicado: Santiago de Chile Soc. Imp. y Lit. Universo 1939
Catálogo:MANES:  Resultados de Búsqueda del Catálogo
Clasificación de libros de texto:
Etiquetas: Agregar Etiqueta
Sin Etiquetas, Sea el primero en etiquetar este registro!
Añadido a:2020-01-05
Cambiado en:2025-04-25

MARC

LEADER 00000nam a22000007a 4500
005 20250425101440.0
008 200106b ||||| |||| 00| 0 spa d
040 |a MGM 
561 |5 cl-MGM  |3 T 372.4 G 993l 1939 5°P c.1  |a Chile. Museo Gabriela Mistral  |k MANES 
999 |c 87487  |d 87487 
100 |9 26401  |a Guzman, Manuel  |c  Profesor de Estado 
245 |a El Lector Chileno: Libro Cuarto 
260 |a Santiago de Chile  |b Soc. Imp. y Lit. Universo  |c 1939 
300 |a 219 p.  |c 17,9 x 13,2 cm. 
546 |a Chile  
690 |a EyL 
691 |a PRI 
942 |2 ddc  |c BK 
999 |c manes:87487  |d 87487